[Event "Open Hradec Kralove 2019"]
[Site "Hradec Kralove"]
[Date "2019.10.26"]
[Round "1"]
[White "Gurtovoi, Borys"]
[Black "Sabuk, Piotr"]
[Result "0-1"]
[WhiteElo "1747"]
[BlackElo "2373"]
[PlyCount "64"]
[EventDate "2019.10.26"]

1. Nf3 d5 2. b3 c5 3. Bb2 f6 4. d4 cxd4 5. Qxd4 e5 6. Qh4 Ne7 7. g4 Nbc6 8. a3
Be6 9. Nc3 Ng6 10. Qg3 e4 11. Nd2 Bd6 12. Qg1 Qe7 13. h4 Nge5 14. g5 O-O 15.
Nb5 Bc5 16. e3 Bg4 17. Be2 Bxe2 18. Kxe2 f5 19. b4 Bb6 20. Qg3 Rac8 21. Rac1 a6
22. Nc3 Rcd8 23. Na4 Bc7 24. Qh3 d4 25. Nc5 d3+ 26. cxd3 Nxd3 27. Nxd3 Rxd3 28.
Rhd1 Be5 29. Bxe5 Nxe5 30. Qh2 Rfd8 31. Qf4 Qd7 32. Rc2 Qb5 0-1

[Event "Open Hradec Kralove 2019"]
[Site "Hradec Kralove"]
[Date "2019.10.26"]
[Round "1"]
[White "Swicarz, Maciej"]
[Black "Pawicka, Magdalena"]
[Result "1-0"]
[WhiteElo "2356"]
[BlackElo "1745"]
[PlyCount "65"]
[EventDate "2019.10.26"]

1. b3 d5 2. Bb2 Nf6 3. e3 e6 4. Nf3 c5 5. c4 b6 6. cxd5 exd5 7. d4 Bb7 8. Bb5+
Nbd7 9. O-O Be7 10. dxc5 bxc5 11. Ne5 O-O 12. Nc6 Qe8 13. Nc3 a6 14. Nxe7+ Qxe7
15. Be2 Nb6 16. Rc1 Rfd8 17. Ba3 Rac8 18. Bf3 Ne4 19. Qc2 Qe5 20. Nxe4 dxe4 21.
Bg4 f5 22. Be2 c4 23. bxc4 Qa5 24. Qb3 Rd2 25. Bd1 Rd3 26. Bb4 Qe5 27. Bc3 Qe6
28. c5 Bd5 29. Qxb6 Qxb6 30. cxb6 Rdxc3 31. Rxc3 Rxc3 32. Bb3 Bxb3 33. b7 1-0

[Event "Open Hradec Kralove 2019"]
[Site "Hradec Kralove"]
[Date "2019.10.26"]
[Round "1"]
[White "Berka, Lubos"]
[Black "Chkhaidze, Nikoloz"]
[Result "0-1"]
[WhiteElo "1713"]
[BlackElo "2333"]
[PlyCount "62"]
[EventDate "2019.10.26"]

1. e4 c5 2. Nc3 Nc6 3. g3 g6 4. Bg2 Bg7 5. d3 d6 6. Nge2 Rb8 7. O-O b5 8. a3 a5
9. Rb1 b4 10. axb4 axb4 11. Nd5 e6 12. Ne3 Nge7 13. Bd2 O-O 14. f4 Nd4 15. g4
f5 16. exf5 exf5 17. g5 Bb7 18. Bxb7 Rxb7 19. c3 bxc3 20. Bxc3 Re8 21. Nc2 Qb6
22. Nexd4 cxd4 23. Bd2 Nd5 24. Qf3 Ne3 25. Qe2 Ree7 26. Nxe3 dxe3 27. Bc3 Bxc3
28. bxc3 Qxb1 29. Rxb1 Rxb1+ 30. Kg2 Rb2 31. Qxb2 e2 0-1

[Event "Open Hradec Kralove 2019"]
[Site "Hradec Kralove"]
[Date "2019.10.26"]
[Round "1"]
[White "Jirasek, Pavel"]
[Black "Smietanska, Wiktoria"]
[Result "1-0"]
[WhiteElo "2310"]
[BlackElo "1704"]
[PlyCount "71"]
[EventDate "2019.10.26"]

1. c4 e5 2. g3 f5 3. Bg2 Nf6 4. Nc3 g6 5. Nf3 Nc6 6. d3 Bg7 7. O-O O-O 8. Rb1
d5 9. cxd5 Nxd5 10. Qb3 Be6 11. Ng5 Nd4 12. Nxe6 Nxb3 13. Nxd8 Nxc3 14. bxc3
Nxc1 15. Rfxc1 Rfxd8 16. Rxb7 Rd7 17. Rxc7 Rxc7 18. Bxa8 e4 19. dxe4 Rxc3 20.
Rxc3 Bxc3 21. Kg2 Kf7 22. f4 fxe4 23. Bxe4 Kf6 24. Kf3 a5 25. Bd5 a4 26. e4 a3
27. e5+ Ke7 28. Ke4 Kd7 29. g4 h6 30. Bf7 g5 31. f5 Ke7 32. Bc4 Bb2 33. f6+ Kf8
34. Kf5 Bd4 35. e6 Ke8 36. e7 1-0

[Event "Open Hradec Kralove 2019"]
[Site "Hradec Kralove"]
[Date "2019.10.26"]
[Round "1"]
[White "Endler, Boris"]
[Black "Sorm, Daniel"]
[Result "0-1"]
[WhiteElo "1699"]
[BlackElo "2299"]
[PlyCount "38"]
[EventDate "2019.10.26"]

1. e4 c5 2. c3 g6 3. d4 cxd4 4. cxd4 d5 5. e5 Nc6 6. Nf3 Bg4 7. Be2 Nh6 8. O-O
Nf5 9. Nbd2 Qb6 10. Nb3 Bg7 11. h3 Bxf3 12. Bxf3 e6 13. Be3 Nxe5 14. dxe5 Nxe3
15. fxe3 Qxe3+ 16. Kh1 Bxe5 17. Qd2 Qxd2 18. Nxd2 Bxb2 19. Rab1 Bc3 0-1

[Event "Open Hradec Kralove 2019"]
[Site "Hradec Kralove"]
[Date "2019.10.26"]
[Round "1"]
[White "Dambrauskas, Virginijus"]
[Black "Kacirek, Pavel"]
[Result "1-0"]
[WhiteElo "2219"]
[BlackElo "1689"]
[PlyCount "57"]
[EventDate "2019.10.26"]

1. d4 d5 2. c4 c6 3. Nc3 e6 4. e4 Be7 5. Nf3 f5 6. e5 Bd7 7. Bd3 Na6 8. c5 Nc7
9. O-O g5 10. Nxg5 Bxg5 11. Qh5+ Kf8 12. Bxg5 Qe8 13. Qh4 h6 14. Be3 Qg6 15.
Ne2 Ne7 16. Nf4 Qf7 17. Be2 Ne8 18. Bh5 Qg7 19. Kh1 Nc7 20. a4 Be8 21. Ra3 Bxh5
22. Qxh5 Qg4 23. Qxg4 fxg4 24. f3 gxf3 25. Rxf3 Kg7 26. Rb3 Rab8 27. Nh5+ Kg6
28. g4 Ne8 29. Nf4+ 1-0

[Event "Open Hradec Kralove 2019"]
[Site "Hradec Kralove"]
[Date "2019.10.26"]
[Round "1"]
[White "Weinzettl, Ernst"]
[Black "Svoboda, Frantisek"]
[Result "1-0"]
[WhiteElo "2175"]
[BlackElo "1668"]
[PlyCount "45"]
[EventDate "2019.10.26"]

1. e4 {[%emt 0:00:00]} Nc6 2. Nc3 Nf6 3. d4 d5 4. exd5 Nxd5 5. Bb5 a6 6. Bxc6+
bxc6 7. Nf3 Bf5 8. O-O e6 9. Re1 Bb4 10. Bd2 Nxc3 11. bxc3 Bd6 12. Bg5 f6 13.
Bd2 Kf7 14. Nh4 Qd7 15. Nxf5 exf5 16. Qe2 g6 17. Qc4+ Kg7 18. Re2 Rhe8 19. Rae1
Rxe2 20. Qxe2 f4 21. c4 Kf8 22. c5 Re8 23. Qxe8+ 1-0

[Event "Open Hradec Kralove 2019"]
[Site "Hradec Kralove"]
[Date "2019.10.26"]
[Round "1"]
[White "Bullen, Alex"]
[Black "Valik, Ondrej"]
[Result "1-0"]
[WhiteElo "2139"]
[BlackElo "1658"]
[PlyCount "65"]
[EventDate "2019.10.26"]

1. d4 f5 2. e4 fxe4 3. Nc3 Nf6 4. Bg5 g6 5. f3 d5 6. fxe4 Nxe4 7. Nxe4 dxe4 8.
Bc4 Bg7 9. Ne2 Qd6 10. O-O Bf5 11. c3 Nd7 12. Ng3 e6 13. Qe2 O-O 14. Nxe4 Qb6
15. Ng3 Ne5 16. Nxf5 gxf5 17. Be7 Rfe8 18. Bc5 Qc6 19. Bb5 Qd5 20. c4 Nxc4 21.
Qxc4 c6 22. Qxd5 exd5 23. Bd3 b6 24. Ba3 Bxd4+ 25. Kh1 Re3 26. Rad1 Rae8 27.
Bxf5 c5 28. Bg4 b5 29. b3 a5 30. Bc1 R3e5 31. Bd7 R8e7 32. Bxb5 Bc3 33. Bf4 1-0

[Event "Open Hradec Kralove 2019"]
[Site "Hradec Kralove"]
[Date "2019.10.26"]
[Round "1"]
[White "Yakimenko, Alexander A"]
[Black "Vacek, Jaroslav"]
[Result "1-0"]
[WhiteElo "2124"]
[BlackElo "1604"]
[PlyCount "51"]
[EventDate "2019.10.26"]

1. e4 e5 2. Nc3 Nc6 3. g3 Bb4 4. Bg2 Nf6 5. a3 Bxc3 6. dxc3 h6 7. Be3 d6 8. h3
Be6 9. Qe2 g6 10. Rd1 Qe7 11. Nf3 Nh7 12. Nh4 g5 13. Nf5 Bxf5 14. exf5 Nf6 15.
Qc4 e4 16. Bd4 Nxd4 17. Qxd4 d5 18. b4 b6 19. O-O O-O 20. f4 c5 21. Qe3 gxf4
22. Rxf4 Kh7 23. Rh4 Ng8 24. Rxd5 f6 25. Rxe4 Qc7 26. bxc5 1-0

[Event "Open Hradec Kralove 2019"]
[Site "Hradec Kralove"]
[Date "2019.10.26"]
[Round "1"]
[White "Trasakova, Adela"]
[Black "Kornitzky, Tino"]
[Result "0-1"]
[WhiteElo "1569"]
[BlackElo "2077"]
[PlyCount "112"]
[EventDate "2019.10.26"]

1. d4 Nf6 2. Bf4 d5 3. e3 c5 4. c3 Nc6 5. Nd2 Bf5 6. Ngf3 Qb6 7. Nh4 Bd7 8. Qb3
c4 9. Qc2 h6 10. Nhf3 Nh5 11. Bg3 Nxg3 12. hxg3 e6 13. Be2 Be7 14. e4 Qc7 15.
O-O O-O 16. Rae1 b5 17. exd5 exd5 18. Ne5 Nxe5 19. dxe5 Bc5 20. Nf3 Rfe8 21.
Qd2 Rad8 22. Bd1 Bg4 23. Nd4 Bxd1 24. Qxd1 b4 25. f4 Qa5 26. Qd2 Rc8 27. Kh1
Qb6 28. Nc2 Qg6 29. Ne3 bxc3 30. bxc3 Qxg3 31. Rf3 Qh4+ 32. Kg1 d4 33. cxd4 c3
34. Qe2 Bxd4 35. Rc1 Qd8 36. Kf1 Rb8 37. Nf5 Rb2 38. Qe4 Bb6 39. Rd3 Qc8 40.
Rdxc3 Qa6+ 41. Qd3 Rf2+ 42. Ke1 Qxd3 43. Rxd3 Rxg2 44. Rc6 Rxa2 45. Kd1 Rh2 46.
Rd7 Rf2 47. Nd6 Rf8 48. f5 h5 49. Nc4 Rxf5 50. Ke2 h4 51. Rd3 g5 52. Rh3 Bf2
53. Rh2 Bg3 54. Rg2 Bxe5 55. Kd3 f6 56. Re6 h3 0-1

[Event "Open Hradec Kralove 2019"]
[Site "Hradec Kralove"]
[Date "2019.10.26"]
[Round "1"]
[White "Solc, Filip"]
[Black "Rychtecky, Pavel"]
[Result "1/2-1/2"]
[WhiteElo "2073"]
[BlackElo "1569"]
[PlyCount "70"]
[EventDate "2019.10.26"]

1. e4 {[%emt 0:00:00]} c6 2. Nc3 d5 3. Nf3 dxe4 4. Nxe4 Bf5 5. Ng3 Bg6 6. h4 h6
7. d4 Nf6 8. Bd3 Bxd3 9. Qxd3 e6 10. Bd2 Nbd7 11. O-O-O Qc7 12. Rhe1 O-O-O 13.
Qe2 Bd6 14. Ne5 Rhf8 15. f4 Kb8 16. c4 c5 17. Bc3 Ka8 18. Kb1 Nb8 19. Rd2 cxd4
20. Rxd4 Bc5 21. Rxd8 Rxd8 22. Rd1 Rxd1+ 23. Qxd1 a6 24. Qd2 Qb6 25. Nxf7 Be3
26. Qd6 Qxd6 27. Nxd6 Bxf4 28. Nge4 Bxd6 29. Nxd6 Nbd7 30. Nf7 Kb8 31. Kc2 Kc7
32. b4 b5 33. c5 h5 34. a3 Kc6 35. Kd3 Kd5 1/2-1/2

[Event "Open Hradec Kralove 2019"]
[Site "Hradec Kralove"]
[Date "2019.10.26"]
[Round "1"]
[White "Sharon, Rafael"]
[Black "Cap, Piotr"]
[Result "0-1"]
[WhiteElo "1540"]
[BlackElo "1953"]
[PlyCount "78"]
[EventDate "2019.10.26"]

1. e4 c6 2. d4 d5 3. e5 Bf5 4. Ne2 e6 5. Ng3 Bg6 6. h4 h6 7. h5 Bh7 8. Bd3 Bxd3
9. cxd3 Nd7 10. O-O Qh4 11. Be3 f5 12. Qf3 Bb4 13. Ne2 Qe7 14. Nf4 Qf7 15. a3
Ba5 16. Nc3 Ne7 17. b4 Bb6 18. Na4 g5 19. hxg6 Nxg6 20. Nxg6 Qxg6 21. Nxb6 axb6
22. Rfe1 b5 23. Rec1 Nb6 24. Qd1 Kd7 25. Qc2 Na4 26. Qe2 Rag8 27. Qf3 Rh7 28.
Kf1 h5 29. Ke2 Qf7 30. Rh1 Nb6 31. Rh3 Qf8 32. g3 Kc7 33. Rah1 Qa8 34. Bc1 Qa4
35. Qe3 Qb3 36. Rxh5 Rxh5 37. Rxh5 Na4 38. Bd2 Nb2 39. Rh6 Qd1# 0-1

[Event "Open Hradec Kralove 2019"]
[Site "Hradec Kralove"]
[Date "2019.10.26"]
[Round "1"]
[White "Nemec, Otakar"]
[Black "Stodola, Zdenek"]
[Result "1-0"]
[WhiteElo "1937"]
[BlackElo "1523"]
[PlyCount "89"]
[EventDate "2019.10.26"]

1. e4 Nf6 2. e5 Nd5 3. d4 d6 4. Nf3 Bg4 5. Be2 Nc6 6. O-O e6 7. c4 Nb6 8. exd6
cxd6 9. b3 Be7 10. Nc3 d5 11. c5 Nd7 12. Be3 O-O 13. a3 a6 14. b4 Bf6 15. Qd2
Re8 16. h3 Bh5 17. Rfb1 Bg6 18. Bd3 Nf8 19. a4 e5 20. Bxg6 Nxg6 21. dxe5 Ngxe5
22. Nxe5 Bxe5 23. Bf4 Bf6 24. Qd3 a5 25. bxa5 Qxa5 26. Ra3 Qxc5 27. Nxd5 Bd4
28. Ne3 Nb4 29. Qb3 Nc6 30. Ra2 Na5 31. Qb5 Bxe3 32. Bxe3 Qc6 33. Qxc6 bxc6 34.
Rc2 f5 35. Rd1 Re6 36. Rd7 Rae8 37. Ra7 Re5 38. Rd2 Nc4 39. Rdd7 Rb8 40. Rxg7+
Kh8 41. Bd4 c5 42. Bc3 Ra8 43. f4 Rxa7 44. Rxa7 Kg8 45. Bxe5 1-0

[Event "Open Hradec Kralove 2019"]
[Site "Hradec Kralove"]
[Date "2019.10.26"]
[Round "1"]
[White "Syrkiewicz, Michal"]
[Black "Durovka, Marek"]
[Result "1/2-1/2"]
[WhiteElo "1928"]
[BlackElo "1494"]
[PlyCount "109"]
[EventDate "2019.10.26"]

1. e4 c5 2. Nf3 Nc6 3. Bb5 g6 4. Bxc6 bxc6 5. O-O Bg7 6. Re1 Nf6 7. e5 Nd5 8.
c4 Nb6 9. d3 O-O 10. Nc3 d5 11. exd6 exd6 12. Bg5 Bf6 13. Bxf6 Qxf6 14. a4 Bf5
15. a5 Nd7 16. h3 Rfe8 17. Rxe8+ Rxe8 18. d4 h5 19. d5 cxd5 20. Qxd5 Ne5 21.
Nxe5 Qxe5 22. Rd1 Qf4 23. Qxd6 Re1+ 24. Rxe1 Qxd6 25. Nd5 Kg7 26. Re7 Be6 27.
Rxa7 Bxd5 28. cxd5 Qxd5 29. a6 Qd1+ 30. Kh2 Qd6+ 31. Kg1 Qb6 32. Ra8 Qxb2 33.
Rc8 Qa3 34. g3 Kf6 35. Rc7 Qxa6 36. Rxc5 Qb6 37. Rc3 g5 38. Kg2 Qb7+ 39. Kg1
Qe4 40. Re3 Qb1+ 41. Kg2 g4 42. hxg4 hxg4 43. Rc3 Qe4+ 44. Kh2 Kg5 45. Re3 Qd5
46. Kg1 f5 47. Kh2 f4 48. gxf4+ Kxf4 49. Rg3 Qh5+ 50. Kg2 Qd5+ 51. Kh2 Qd1 52.
Kg2 Qe1 53. Re3 Qd1 54. Rg3 Qd5+ 55. Kh2 1/2-1/2

[Event "Open Hradec Kralove 2019"]
[Site "Hradec Kralove"]
[Date "2019.10.26"]
[Round "1"]
[White "Stocek, Jiri"]
[Black "Drasnar, Lukas"]
[Result "1/2-1/2"]
[WhiteElo "1311"]
[BlackElo "1818"]
[PlyCount "56"]
[EventDate "2019.10.26"]

1. c4 e5 2. Nc3 c5 3. Nf3 Nc6 4. d3 d6 5. g3 g6 6. Bg2 Bg7 7. O-O Nge7 8. Bd2
O-O 9. Qc1 Be6 10. Bh6 Nf5 11. Bxg7 Kxg7 12. b4 h6 13. Qb2 Qd7 14. e4 Nfd4 15.
Nxd4 cxd4 16. Nd5 Bxd5 17. exd5 Ne7 18. f4 f6 19. Rf2 g5 20. fxe5 fxe5 21. Raf1
b6 22. Be4 Rae8 23. Qe2 Qc8 24. Qh5 Rxf2 25. Rxf2 Rf8 26. Rg2 Rf6 27. h4 g4 28.
Rf2 Rxf2 1/2-1/2

[Event "Open Hradec Kralove 2019"]
[Site "Hradec Kralove"]
[Date "2019.10.27"]
[Round "2"]
[White "Sabuk, Piotr"]
[Black "Pavlicek, Lukas"]
[Result "1-0"]
[WhiteElo "2373"]
[BlackElo "1952"]
[PlyCount "51"]
[EventDate "2019.10.26"]

1. d4 Nf6 2. c4 g6 3. Nc3 Bg7 4. e4 d6 5. h3 O-O 6. Be3 e5 7. d5 Na6 8. Nf3 c6
9. g4 cxd5 10. cxd5 Ne8 11. Rg1 Kh8 12. Bd3 b6 13. Bc2 Nc5 14. b4 Na6 15. a3 f5
16. gxf5 gxf5 17. exf5 e4 18. Nxe4 Bxf5 19. Neg5 Bc3+ 20. Ke2 Qf6 21. Rc1 h6
22. Bxf5 hxg5 23. Be4 Be5 24. Rxg5 Ng7 25. Nxe5 dxe5 26. Rc6 1-0

[Event "Open Hradec Kralove 2019"]
[Site "Hradec Kralove"]
[Date "2019.10.27"]
[Round "2"]
[White "Slabicki, Andrzej"]
[Black "Swicarz, Maciej"]
[Result "0-1"]
[WhiteElo "1943"]
[BlackElo "2356"]
[PlyCount "58"]
[EventDate "2019.10.26"]

1. c4 {[%emt 0:00:00]} Nf6 2. g3 e6 3. Bg2 d5 4. d4 Be7 5. Nc3 O-O 6. cxd5 exd5
7. Nf3 c6 8. O-O Bf5 9. Ne5 Qb6 10. e3 Nbd7 11. f4 Bb4 12. g4 Nxe5 13. gxf5 Nc4
14. Qd3 Rfe8 15. Na4 Qc7 16. a3 Ba5 17. b4 Bb6 18. Nc3 Qd7 19. Bh3 a5 20. bxa5
Bxa5 21. Kg2 Bxc3 22. Qxc3 Nd6 23. Qc2 Re4 24. Rb1 Rae8 25. Rf3 h5 26. Qd1 Ng4
27. f6 Nf5 28. Rb3 Nxd4 29. exd4 Re1 0-1

[Event "Open Hradec Kralove 2019"]
[Site "Hradec Kralove"]
[Date "2019.10.27"]
[Round "2"]
[White "Chkhaidze, Nikoloz"]
[Black "Nemec, Otakar"]
[Result "1-0"]
[WhiteElo "2333"]
[BlackElo "1937"]
[PlyCount "47"]
[EventDate "2019.10.26"]

1. d4 Nf6 2. c4 g6 3. Nc3 d5 4. Nf3 Bg7 5. h4 h6 6. cxd5 Nxd5 7. e4 Nxc3 8.
bxc3 c5 9. Rb1 O-O 10. Be2 b6 11. O-O Bb7 12. d5 Bxc3 13. Bxh6 Bg7 14. Qc1 Qd6
15. h5 gxh5 16. Bxg7 Kxg7 17. Qg5+ Kh7 18. Qxh5+ Qh6 19. Qf5+ Kg7 20. Ng5 Qg6
21. Qe5+ Qf6 22. Qg3 Rh8 23. Ne6+ Kh7 24. e5 1-0

[Event "Open Hradec Kralove 2019"]
[Site "Hradec Kralove"]
[Date "2019.10.27"]
[Round "2"]
[White "Schoenbeck, Stephan"]
[Black "Jirasek, Pavel"]
[Result "1/2-1/2"]
[WhiteElo "1937"]
[BlackElo "2310"]
[PlyCount "78"]
[EventDate "2019.10.26"]

1. e4 c5 2. Nf3 Nc6 3. d4 cxd4 4. Nxd4 e5 5. Nb5 d6 6. N1c3 a6 7. Na3 Be7 8.
Nc4 b5 9. Ne3 Nf6 10. Ned5 O-O 11. Be2 Bb7 12. Be3 Nxd5 13. Nxd5 Bg5 14. Bb6
Qd7 15. Bg4 f5 16. exf5 Nd4 17. f6 Qf7 18. Ne7+ Kh8 19. Bxd4 exd4 20. O-O Qxf6
21. Nf5 Bc8 22. Ng3 Bb7 23. Qd3 Rae8 24. Rad1 Qd8 25. Nh5 Bh6 26. Rde1 Qb6 27.
Ng3 Bd5 28. b3 Rxe1 29. Rxe1 Qa5 30. Qe2 Bf4 31. Qe7 Rg8 32. Nf5 Be5 33. Rf1
Qd2 34. Qh4 Bf6 35. Qh3 Re8 36. Nxd6 Re1 37. Be2 Rxf1+ 38. Bxf1 Qxc2 39. Qd7
Qc6 1/2-1/2

[Event "Open Hradec Kralove 2019"]
[Site "Hradec Kralove"]
[Date "2019.10.27"]
[Round "2"]
[White "Sorm, Daniel"]
[Black "Kraus, Ondrej"]
[Result "1-0"]
[WhiteElo "2299"]
[BlackElo "1918"]
[PlyCount "93"]
[EventDate "2019.10.26"]

1. d4 {[%emt 0:00:00]} Nf6 2. c4 e5 3. dxe5 Ng4 4. Bf4 Nc6 5. Nf3 Bb4+ 6. Nbd2
Qe7 7. e3 Ngxe5 8. Nxe5 Nxe5 9. Be2 O-O 10. O-O a5 11. Nb3 a4 12. Nd4 d6 13.
Rc1 Bd7 14. Qc2 b6 15. Bg3 g6 16. Kh1 a3 17. b3 Rae8 18. Rcd1 f5 19. Qc1 Nc6
20. Nb5 f4 21. Nxc7 fxg3 22. hxg3 Bf5 23. Nd5 Qd8 24. Nxb4 Nxb4 25. Qxa3 Nc2
26. Qxd6 Qxd6 27. Rxd6 Re6 28. Rfd1 Nb4 29. a3 Na2 30. Rxe6 Bxe6 31. Rd6 Rxf2
32. Bf3 Bf7 33. Rxb6 Nc1 34. a4 Ra2 35. Bd5 Bxd5 36. cxd5 Nd3 37. d6 Ra1+ 38.
Kh2 Nf2 39. g4 Nxg4+ 40. Kg3 Ne5 41. Kf4 Nf7 42. e4 Rf1+ 43. Ke3 Rd1 44. a5
Rxd6 45. Rxd6 Nxd6 46. a6 Kf7 47. a7 1-0

[Event "Open Hradec Kralove 2019"]
[Site "Hradec Kralove"]
[Date "2019.10.27"]
[Round "2"]
[White "Kratochvil, Vit"]
[Black "Sobotnik, Petr"]
[Result "1-0"]
[WhiteElo "2197"]
[BlackElo "1903"]
[PlyCount "49"]
[EventDate "2019.10.26"]

1. e4 {[%emt 0:00:00]} c6 2. d4 d5 3. Nc3 dxe4 4. Nxe4 Bf5 5. Ng3 Bg6 6. h4 h6
7. Nh3 Nf6 8. Nf4 Bh7 9. Bc4 Nd5 10. O-O Nxf4 11. Bxf4 e6 12. Re1 Be7 13. Nh5
Kf8 14. Be5 Rg8 15. Qf3 Bf5 16. g4 g6 17. Ng3 Bxh4 18. gxf5 gxf5 19. Kf1 Nd7
20. Bd6+ Kg7 21. Qh5 Qg5 22. Be7 Qxh5 23. Nxh5+ Kg6 24. Nf4+ Kh7 25. Bxh4 1-0

[Event "Open Hradec Kralove 2019"]
[Site "Hradec Kralove"]
[Date "2019.10.27"]
[Round "2"]
[White "Wiley, Tom E"]
[Black "Marinc, Damir"]
[Result "1/2-1/2"]
[WhiteElo "2145"]
[BlackElo "1874"]
[PlyCount "41"]
[EventDate "2019.10.26"]

1. d4 d5 2. c4 c6 3. Nf3 Nf6 4. Qc2 e6 5. g3 Ne4 6. Bg2 Nd7 7. O-O Bd6 8. Nc3
Nxc3 9. Qxc3 O-O 10. b4 a5 11. b5 cxb5 12. cxb5 Nb6 13. a4 Bd7 14. Rd1 f5 15.
Bf4 Bxf4 16. gxf4 Nc4 17. Ne5 Rc8 18. Qg3 Nxe5 19. dxe5 Qe7 20. Rd4 b6 21. Qb3
1/2-1/2

[Event "Open Hradec Kralove 2019"]
[Site "Hradec Kralove"]
[Date "2019.10.27"]
[Round "2"]
[White "Zacek, Petr"]
[Black "Bullen, Alex"]
[Result "1-0"]
[WhiteElo "1889"]
[BlackElo "2139"]
[PlyCount "81"]
[EventDate "2019.10.26"]

1. d4 {[%emt 0:00:00]} d5 2. Nf3 Nf6 3. e3 c5 4. c3 cxd4 5. exd4 Nc6 6. Bd3 Bg4
7. O-O e6 8. Bg5 Bd6 9. Nbd2 Qc7 10. Qc2 Rc8 11. Rac1 Bh5 12. Rfe1 Bg6 13. Bxf6
gxf6 14. a3 O-O 15. Bxg6 hxg6 16. Qd3 Na5 17. g3 Nc4 18. Nxc4 Qxc4 19. Qe3 Kg7
20. Nd2 Qb5 21. Rb1 Rh8 22. Qe2 Qd7 23. f4 e5 24. dxe5 fxe5 25. fxe5 Bc5+ 26.
Kh1 Rxh2+ 27. Kxh2 Rh8+ 28. Kg2 Qh3+ 29. Kf3 Qf5+ 30. Kg2 Qh3+ 31. Kf3 g5 32.
Qd3 Qh2 33. Rh1 Qf2+ 34. Kg4 Rh4+ 35. Rxh4 gxh4 36. Rf1 Qg2 37. Qf3 Qxd2 38.
Qxf7+ Kh8 39. Qe8+ Kh7 40. Rf7+ Kh6 41. Qe6# 1-0

[Event "Open Hradec Kralove 2019"]
[Site "Hradec Kralove"]
[Date "2019.10.27"]
[Round "2"]
[White "Sadek, Vojtech"]
[Black "Horak, Jan"]
[Result "1-0"]
[WhiteElo "1846"]
[BlackElo "2088"]
[PlyCount "111"]
[EventDate "2019.10.26"]

1. Nf3 d5 2. g3 Nf6 3. Bg2 e6 4. O-O Be7 5. c4 O-O 6. d4 c6 7. Nc3 b6 8. Qc2
Bb7 9. Ne5 Nbd7 10. b3 Rc8 11. e4 c5 12. Nxd7 Qxd7 13. e5 Ne8 14. dxc5 d4 15.
Bxb7 Qxb7 16. c6 Rxc6 17. Nb5 Rc5 18. f4 f6 19. Ba3 fxe5 20. Bxc5 Bxc5 21. Qg2
e4 22. Kh1 Nf6 23. b4 Bxb4 24. Nxd4 Ng4 25. Qe2 Bc3 26. Qxg4 Bxd4 27. Qxe6+ Kh8
28. Rae1 e3+ 29. Qd5 Qxd5+ 30. cxd5 Rd8 31. Rc1 Bc5 32. Kg2 Rxd5 33. Rfd1 Rd2+
34. Rxd2 exd2 35. Rd1 Bb4 36. Kf3 Bc3 37. Ke2 b5 38. Kd3 b4 39. Rxd2 Bxd2 40.
Kxd2 Kg8 41. Kd3 Kf7 42. Kc4 Ke6 43. Kxb4 Kf5 44. Ka5 Kg4 45. Ka6 Kh3 46. Kxa7
Kxh2 47. Kb6 Kxg3 48. a4 Kxf4 49. a5 g5 50. a6 g4 51. a7 h5 52. a8=Q h4 53. Qg2
g3 54. Qh3 Kf3 55. Kc5 Kf2 56. Qxh4 1-0

[Event "Open Hradec Kralove 2019"]
[Site "Hradec Kralove"]
[Date "2019.10.27"]
[Round "2"]
[White "Prachar, Josef"]
[Black "Gloser, David"]
[Result "0-1"]
[WhiteElo "1804"]
[BlackElo "1998"]
[PlyCount "52"]
[EventDate "2019.10.26"]

1. d4 Nf6 2. c4 c5 3. d5 b5 4. cxb5 a6 5. b6 d6 6. Nc3 Nbd7 7. a4 Qxb6 8. a5
Qb7 9. e4 g6 10. f4 Bg7 11. Nf3 O-O 12. Bc4 Ne8 13. Qe2 Nc7 14. O-O Rb8 15. e5
Qa8 16. e6 fxe6 17. dxe6 Nf6 18. f5 gxf5 19. Ng5 Rb4 20. Bf4 h6 21. Bxd6 hxg5
22. Bxc5 Rxc4 23. Qxc4 Qc6 24. Qb4 Nfd5 25. Qa3 Nxc3 26. bxc3 Nb5 0-1

[Event "Open Hradec Kralove 2019"]
[Site "Hradec Kralove"]
[Date "2019.10.27"]
[Round "2"]
[White "Lacha, Jan"]
[Black "Solc, Filip"]
[Result "1-0"]
[WhiteElo "1783"]
[BlackElo "2073"]
[PlyCount "85"]
[EventDate "2019.10.26"]

1. e4 c5 2. Nc3 e6 3. g3 Nc6 4. Bg2 Nge7 5. d3 d5 6. f4 g6 7. Nf3 Bg7 8. e5 a6
9. O-O b5 10. d4 Nf5 11. Ne2 cxd4 12. Nexd4 Qb6 13. c3 h5 14. Rf2 Ncxd4 15.
Nxd4 Bf8 16. Nxf5 gxf5 17. b4 a5 18. Bd2 axb4 19. cxb4 Qd4 20. Be1 Qb6 21. Bc3
Ra4 22. a3 Be7 23. Bd4 Qc6 24. Qc1 Bd7 25. Re2 Bd8 26. Bc5 Rg8 27. Re3 Qb7 28.
Qd1 Rh8 29. Rc1 Ra6 30. Bf3 h4 31. g4 Rg8 32. h3 Qa8 33. Qd3 Bc6 34. Kh2 fxg4
35. hxg4 Qb7 36. Qh7 Rg6 37. Qh8+ Kd7 38. Bd4 Be7 39. f5 Rg5 40. Qh7 exf5 41.
gxf5 Ra8 42. Qxf7 Rag8 43. Qe6+ 1-0

[Event "Open Hradec Kralove 2019"]
[Site "Hradec Kralove"]
[Date "2019.10.27"]
[Round "2"]
[White "Stehlik, Pavel"]
[Black "Endler, Boris"]
[Result "1/2-1/2"]
[WhiteElo "1476"]
[BlackElo "1699"]
[PlyCount "45"]
[EventDate "2019.10.26"]

1. d4 Nf6 2. Bf4 d5 3. e3 Bf5 4. c4 dxc4 5. Bxc4 e6 6. Nc3 c6 7. Qb3 Qb6 8. Nf3
Nbd7 9. O-O Qxb3 10. Bxb3 Be7 11. Ne5 O-O 12. Nxd7 Nxd7 13. e4 Bg6 14. Rad1 Nb6
15. a4 a5 16. Be3 Nd7 17. d5 exd5 18. exd5 Nc5 19. Ba2 Rad8 20. Bxc5 Bxc5 21.
dxc6 bxc6 22. Bc4 h6 23. Rxd8 1/2-1/2

[Event "Open Hradec Kralove 2019"]
[Site "Hradec Kralove"]
[Date "2019.10.27"]
[Round "2"]
[White "Gloser, Tomas"]
[Black "Krasa, Marek"]
[Result "1/2-1/2"]
[WhiteElo "1431"]
[BlackElo "1671"]
[PlyCount "82"]
[EventDate "2019.10.26"]

1. e4 {[%emt 0:00:00]} c5 2. Nc3 e6 3. b3 a6 4. Bb2 b5 5. d3 Bb7 6. Qd2 Nf6 7.
g3 Be7 8. Bg2 O-O 9. Nf3 d5 10. exd5 Nxd5 11. O-O Bf6 12. Rfe1 Nd7 13. Nd1 Bxb2
14. Nxb2 Qf6 15. d4 Rac8 16. c4 N5b6 17. dxc5 Nxc5 18. Ne5 Rfd8 19. Qc2 Bxg2
20. Kxg2 h6 21. Qe2 Rd4 22. f3 Rcd8 23. Rad1 Rxd1 24. Rxd1 Rxd1 25. Nxd1 bxc4
26. Nxc4 Nd5 27. Qd2 Qa1 28. Nce3 Qe5 29. Nxd5 exd5 30. Qe3 Qxe3 31. Nxe3 d4
32. Nf5 Ne6 33. Kf2 h5 34. Ke2 g6 35. Ne7+ Kg7 36. Nc6 Kf6 37. Kd3 g5 38. Nxd4
Nc7 39. Ke4 Ne8 40. Nf5 Nc7 41. h3 Nb5 1/2-1/2

[Event "Open Hradec Kralove 2019"]
[Site "Hradec Kralove"]
[Date "2019.10.27"]
[Round "2"]
[White "Svoboda, Frantisek"]
[Black "Schoeppe, Christian"]
[Result "0-1"]
[WhiteElo "1668"]
[BlackElo "1435"]
[PlyCount "74"]
[EventDate "2019.10.26"]

1. c4 Nf6 2. g3 c6 3. Bg2 g6 4. Nc3 d5 5. cxd5 cxd5 6. Qb3 e6 7. d4 Nc6 8. Nf3
Bg7 9. Bg5 O-O 10. O-O Qd7 11. Rfd1 a6 12. Na4 Na5 13. Qb4 Nc4 14. b3 a5 15.
Qe1 Ne4 16. Bf4 f6 17. Rac1 Qb5 18. bxc4 Qxa4 19. cxd5 exd5 20. Rc7 g5 21. Be3
Qxa2 22. Ra1 Qb3 23. Nd2 Nxd2 24. Bxd2 a4 25. Rc3 Qb5 26. Rc5 Qe8 27. Bxd5+ Kh8
28. e4 Ra7 29. Rc7 Qb5 30. Rb1 Qa6 31. Qc1 Bh3 32. Bxb7 Qe2 33. Rc4 Rxb7 34.
Rxb7 Qxe4 35. f3 Qxb7 36. Qd1 f5 37. Bxg5 Qb2 0-1